000 00455nam a2200169Ia 4500
008 210716s2004 xx 000 0 und d
020 _a8178812916
041 _aeng
082 _a658.152 SUBV
100 _aSubbulakshmi, V.
245 _aCorporate governance in banks: an introduction.
_bIntroduction.
250 _a1
260 _aHyderabad
_bICFAI University Press
_c2004
300 _aviii,167,A11
650 _aNone
700 _aSubbulakshmi, V.
999 _c199685
_d199685